<?xml version="1.0" encoding="UTF-8"?>
<record
    xmlns:xsi="http://www.w3.org/2001/XMLSchema-instance"
    xsi:schemaLocation="http://www.loc.gov/MARC21/slim http://www.loc.gov/standards/marcxml/schema/MARC21slim.xsd"
    xmlns="http://www.loc.gov/MARC21/slim">

  <leader>01449nam a2200229   4500</leader>
  <datafield tag="999" ind1=" " ind2=" ">
    <subfield code="c">61316</subfield>
    <subfield code="d">61316</subfield>
  </datafield>
  <controlfield tag="003">Ge_BSU</controlfield>
  <controlfield tag="005">20240514103058.0</controlfield>
  <controlfield tag="008">240206s2001    ge ||||| |||| 00| 0 geo d</controlfield>
  <datafield tag="041" ind1=" " ind2=" ">
    <subfield code="a">geo</subfield>
  </datafield>
  <datafield tag="080" ind1=" " ind2=" ">
    <subfield code="a">615.31(075.8) &#x10D7;&#x2013;49</subfield>
  </datafield>
  <datafield tag="245" ind1=" " ind2=" ">
    <subfield code="a">&#x10D7;&#x10D4;&#x10E0;&#x10D0;&#x10DE;&#x10D8;&#x10E3;&#x10DA;&#x10D8; &#x10E1;&#x10E2;&#x10DD;&#x10DB;&#x10D0;&#x10E2;&#x10DD;&#x10DA;&#x10DD;&#x10D2;&#x10D8;&#x10D0; :</subfield>
    <subfield code="b">&#x10E1;&#x10D0;&#x10EE;&#x10D4;&#x10DA;&#x10DB;&#x10EB;&#x10E6;&#x10D5;&#x10D0;&#x10DC;&#x10D4;&#x10DA;&#x10DD; /</subfield>
    <subfield code="c"> &#x10D4;.&#x10D5;.&#x10D1;&#x10DD;&#x10E0;&#x10DD;&#x10D5;&#x10E1;&#x10D9;&#x10D8;, &#x10D8;.&#x10D3;.&#x10D1;&#x10D0;&#x10E0;&#x10D8;&#x10E8;&#x10D4;&#x10D5;&#x10D0;, &#x10D8;.&#x10DB;.&#x10DB;&#x10D0;&#x10E5;&#x10E1;&#x10D8;&#x10DB;&#x10DD;&#x10D5;&#x10E1;&#x10D9;&#x10D8; &#x10D3;&#x10D0; &#x10E1;&#x10EE;&#x10D5;.; &#x10DB;&#x10D7;&#x10D0;&#x10E0;&#x10D2;&#x10DB;&#x10DC;&#x10D4;&#x10DA;&#x10D8; &#x10EE;.&#x10D2;&#x10D0;&#x10D1;&#x10D8;&#x10E2;&#x10D0;&#x10E8;&#x10D5;&#x10D8;&#x10DA;&#x10D8;; &#x10E0;&#x10D4;&#x10D3;&#x10D0;&#x10E5;&#x10E2;&#x10DD;&#x10E0;&#x10D8; &#x10D4;.&#x10D5;.&#x10D1;&#x10DD;&#x10E0;&#x10DD;&#x10D5;&#x10E1;&#x10D9;&#x10D8;; &#x10D7;&#x10D0;&#x10E0;&#x10D2;&#x10DB;&#x10D0;&#x10DC;&#x10D8;&#x10E1; &#x10E0;&#x10D4;&#x10D3;&#x10D0;&#x10E5;&#x10E2;&#x10DD;&#x10E0;&#x10D8; &#x10DA;.&#x10ED;&#x10D4;&#x10DA;&#x10D8;&#x10EB;&#x10D4;.</subfield>
  </datafield>
  <datafield tag="264" ind1=" " ind2=" ">
    <subfield code="a">&#x10D7;&#x10D1;&#x10D8;&#x10DA;&#x10D8;&#x10E1;&#x10D8; : </subfield>
    <subfield code="b">&#x10DB;&#x10D7;&#x10D0;&#x10EC;&#x10DB;&#x10D8;&#x10DC;&#x10D3;&#x10D4;&#x10DA;&#x10D8;, </subfield>
    <subfield code="c">2001.</subfield>
  </datafield>
  <datafield tag="300" ind1=" " ind2=" ">
    <subfield code="a">463 &#x10D2;&#x10D5;.: </subfield>
    <subfield code="b">&#x10D8;&#x10DA;.,&#x10E1;&#x10E3;&#x10E0;.;</subfield>
    <subfield code="c">22 &#x10E1;&#x10DB;.</subfield>
  </datafield>
  <datafield tag="653" ind1=" " ind2=" ">
    <subfield code="a">&#x10D7;&#x10D4;&#x10E0;&#x10D0;&#x10DE;&#x10D8;&#x10E3;&#x10DA;&#x10D8; &#x10E1;&#x10E2;&#x10DD;&#x10DB;&#x10D0;&#x10E2;&#x10DD;&#x10DA;&#x10DD;&#x10D2;&#x10D8;&#x10D0;</subfield>
  </datafield>
  <datafield tag="653" ind1=" " ind2=" ">
    <subfield code="a">&#x10DB;&#x10D4;&#x10D3;&#x10D8;&#x10EA;&#x10D8;&#x10DC;&#x10D0;</subfield>
  </datafield>
  <datafield tag="700" ind1=" " ind2=" ">
    <subfield code="a">.&#x10D1;&#x10DD;&#x10E0;&#x10DD;&#x10D5;&#x10E1;&#x10D9;&#x10D8;, &#x10D4;.&#x10D5;.</subfield>
    <subfield code="e">&#x10D0;&#x10D5;&#x10E2;&#x10DD;&#x10E0;&#x10D8;</subfield>
    <subfield code="9">21198</subfield>
  </datafield>
  <datafield tag="700" ind1=" " ind2=" ">
    <subfield code="a">&#x10D1;&#x10D0;&#x10E0;&#x10D8;&#x10E8;&#x10D4;&#x10D5;&#x10D0;, &#x10D8;.&#x10D3;.</subfield>
    <subfield code="e">&#x10D0;&#x10D5;&#x10E2;&#x10DD;&#x10E0;&#x10D8;</subfield>
    <subfield code="9">21199</subfield>
  </datafield>
  <datafield tag="700" ind1=" " ind2=" ">
    <subfield code="a">&#x10DB;&#x10D0;&#x10E5;&#x10E1;&#x10D8;&#x10DB;&#x10DD;&#x10D5;&#x10E1;&#x10D9;&#x10D8;, &#x10D8;.&#x10DB;. &#x10D3;&#x10D0; &#x10E1;&#x10EE;&#x10D5;.</subfield>
    <subfield code="9">21200</subfield>
    <subfield code="e">&#x10D0;&#x10D5;&#x10E2;&#x10DD;&#x10E0;&#x10D8;</subfield>
  </datafield>
  <datafield tag="700" ind1=" " ind2=" ">
    <subfield code="a">&#x10D1;&#x10DD;&#x10E0;&#x10DD;&#x10D5;&#x10E1;&#x10D9;&#x10D8;,  &#x10D4;.&#x10D5;.</subfield>
    <subfield code="e">&#x10E0;&#x10D4;&#x10D3;&#x10D0;&#x10E5;&#x10E2;&#x10DD;&#x10E0;&#x10D8;</subfield>
    <subfield code="9">21201</subfield>
  </datafield>
  <datafield tag="700" ind1=" " ind2=" ">
    <subfield code="a">&#x10ED;&#x10D4;&#x10DA;&#x10D8;&#x10EB;&#x10D4;, &#x10DA;.</subfield>
    <subfield code="e">&#x10D7;&#x10D0;&#x10E0;&#x10D2;&#x10DB;&#x10D0;&#x10DC;&#x10D8;&#x10E1; &#x10E0;&#x10D4;&#x10D3;&#x10D0;&#x10E5;&#x10E2;&#x10DD;&#x10E0;&#x10D8;</subfield>
    <subfield code="9">21202</subfield>
  </datafield>
  <datafield tag="942" ind1=" " ind2=" ">
    <subfield code="2">udc</subfield>
    <subfield code="c">&#x1CAC;&#x1C98;&#x1C92;&#x1C9C;&#x1C98;</subfield>
  </datafield>
  <datafield tag="952" ind1=" " ind2=" ">
    <subfield code="0">0</subfield>
    <subfield code="1">0</subfield>
    <subfield code="2">udc</subfield>
    <subfield code="4">0</subfield>
    <subfield code="6">615310758_&#x10D7;49</subfield>
    <subfield code="7">0</subfield>
    <subfield code="9">97792</subfield>
    <subfield code="a">CPL</subfield>
    <subfield code="b">CPL</subfield>
    <subfield code="c">GEN</subfield>
    <subfield code="d">2024-02-06</subfield>
    <subfield code="g">15.00</subfield>
    <subfield code="o">615.31(075.8) &#x10D7;&#x2013;49</subfield>
    <subfield code="p">3567</subfield>
    <subfield code="r">2024-02-06</subfield>
    <subfield code="t">3567</subfield>
    <subfield code="w">2024-02-06</subfield>
    <subfield code="y">&#x1CAC;&#x1C98;&#x1C92;&#x1C9C;&#x1C98;</subfield>
    <subfield code="z">15 &#x10DA;.</subfield>
  </datafield>
</record>
